Guard the Gospel; (Record no. 2897)
[ view plain ]
| 000 -LEADER | |
|---|---|
| fixed length control field | 00809cam a2200265 4500 |
| 001 - CONTROL NUMBER | |
| control field | 3615002 |
| 003 - CONTROL NUMBER IDENTIFIER | |
| control field | GBCCL |
| 005 - DATE AND TIME OF LATEST TRANSACTION | |
| control field | 20241126110442.0 |
| 008 - FIXED-LENGTH DATA ELEMENTS--GENERAL INFORMATION | |
| fixed length control field | 730814s1973 ilu b 000 0 eng |
| 010 ## - | |
| -- | 73075890 |
| 020 ## - INTERNATIONAL STANDARD BOOK NUMBER | |
| International Standard Book Number | 087784481X |
| 040 ## - CATALOGING SOURCE | |
| Original cataloging agency | DLC |
| Transcribing agency | DLC |
| Modifying agency | DLC |
| 050 00 - | |
| -- | BS2745.3 |
| -- | .S76 |
| 082 00 - DEWEY DECIMAL CLASSIFICATION NUMBER | |
| Classification number | 220.77 |
| -- | 227.84077 STO |
| Item number | BST |
| 100 1# - MAIN ENTRY--PERSONAL NAME | |
| Personal name | Stott, John R. W. |
| 9 (RLIN) | 325 |
| 245 10 - TITLE STATEMENT | |
| Title | Guard the Gospel; |
| Remainder of title | the message of 2 Timothy |
| Statement of responsibility, etc. | [by] John R. W. Stott. |
| 260 ## - PUBLICATION, DISTRIBUTION, ETC. | |
| Place of publication, distribution, etc. | Downers Grove, Ill., |
| Name of publisher, distributor, etc. | Inter Varsity Press |
| Date of publication, distribution, etc. | [1973] |
| 300 ## - PHYSICAL DESCRIPTION | |
| Extent | 127 p. |
| Dimensions | 22 cm. |
| 350 ## - PRICE (NR) (BK AM CF MU VM SE) [OBSOLETE] | |
| Price | $1.95 |
| 490 0# - SERIES STATEMENT | |
| Series statement | The Bible speaks today |
| 504 ## - BIBLIOGRAPHY, ETC. NOTE | |
| Bibliography, etc. note | Includes bibliographical references. |
| 630 00 - SUBJECT ADDED ENTRY--UNIFORM TITLE | |
| Uniform title | Bible. |
| Name of part/section of a work | Timothy, 2nd |
| General subdivision | Commentaries. |
| 9 (RLIN) | 6064 |
| 906 ## - LOCAL DATA ELEMENT F, LDF (RLIN) | |
| a | 7 |
| b | cbc |
| c | orignew |
| d | 2 |
| e | opcn |
| f | 19 |
| g | y-gencatlg |
| 942 ## - ADDED ENTRY ELEMENTS (KOHA) | |
| Source of classification or shelving scheme | Dewey Decimal Classification |
| Koha item type | Books |
| Koha issues (borrowed), all copies | 1 |
| Withdrawn status | Lost status | Source of classification or shelving scheme | Damaged status | Not for loan | Home library | Current Library | Shelving location | Date acquired | Total checkouts | Full call number | Barcode | Date last seen | Date last checked out | Copy number | Price effective from | Koha item type |
|---|---|---|---|---|---|---|---|---|---|---|---|---|---|---|---|---|
| Dewey Decimal Classification | GRACE BIBLE COLLEGE | GRACE BIBLE COLLEGE | Biblical Studies | 2017-10-05 | 1 | 220.77 BST | 001042 | 2025-05-01 | 2022-09-09 | c.1 | 2017-10-05 | Books | ||||
| Dewey Decimal Classification | GRACE BIBLE COLLEGE | GRACE BIBLE COLLEGE | Commentary | 2018-01-31 | 220.77 BST | 004660 | 2025-05-01 | c.2 | 2018-01-31 | Reference Books |